LEADER 00921nam a2200205 i 4500 001 000000221836 003 CaOOAMICUS 005 20130814000000.0 008 130814s1853 xx u000 u fre u 013 $a200733 040 $aSeMil$bita 245 10$aDictionnaire d'ascétisme, comprenant un discours préliminaire ... 2. 300 $a1524 col. 700 1 $aBelouino, Paul.$0(OLS)http://semarc/name/77581 773 0 $aMigne, Jacques-Paul <1800-1875>$tEncyclopédie théologique, ou Série de dictionnaires sur toutes les parties de la science religieuse ..$dPetit-Montrouge : S'imprime et se vende chez J.-P. Migne, 1851.$g46$w()11876 850 $aSeMil 852 $aSeMil$W1$xVenegono$y1$m2S V 46 FA$j172185$B172185$CSeMilBibl$Z2$F182744 $8I 941 1 $a10 961 $aRecupero: Mantegazza 996 $6245$aDictionnaire d'ascétisme, comprenant un discours préliminaire ... 2$9(OLS)http://semarc/title/318026 LEADER 00986nam a2200193 i 4500 001 000000229608 003 CaOOAMICUS 005 20140514000000.0 008 140514s1781 it u000 u ita u 013 $a208510 026 $aa,he roi. i-re pipr (3) 1781 (R) 040 $aSeMil$bita 245 10$aTomo 1. 300 $aXVI, 278, [2] p., [1] c. di tav. doppia :$bill. calcogr. 500 $aFront. stampato in rosso e nero. - Ritr. calcogr. dell'A. - A c. *1r stemma calcogr. del dedicatario monsignor Vittorio Gaetano Costa. - Segn. : pigreco8 a-r8 s4. 773 0 $aMattei, Saverio <1742-1795>$tDissertazioni preliminari alla traduzione de salmi. Opera di Saverio Mattei ... Tomo 1. [-13].$bEdizione 2. torinese dall'autore in miglior ordine distribuita ed ampliata.$dTorino : Presso Gianmichele Briolo, 1781.$g1$w()29873 850 $aSeMil 852 $aSeMil$W1$xVenegono$y1$m2V II 112 FA$j179954$B179954$CSeMilBibl$Z2$F191065 $8I 996 $6245$aTomo 1$9(OLS)http://semarc/title/46685